Contabilidad 1/ (Registro nro. 8963)
[ vista simple ]
| 000 -LEADER | |
|---|---|
| fixed length control field | 01358nam a2200217Ia 4500 |
| 005 - FECHA Y HORA DE LA ÚLTIMA TRANSACCIÓN | |
| control field | 20230823115003.0 |
| 008 - FIXED-LENGTH DATA ELEMENTS--GENERAL INFORMATION | |
| fixed length control field | 230814s9999 xx 000 0 und d |
| 020 ## - INTERNATIONAL STANDARD BOOK NUMBER | |
| International Standard Book Number | 978-607-32-3477-1 |
| 040 ## - CATALOGING SOURCE | |
| Original cataloging agency | UPAN |
| Transcribing agency | Biblioteca San Vicente |
| Description conventions | RCAA2 |
| 041 ## - LANGUAGE CODE | |
| Language code of text/sound track or separate title | spa |
| 082 ## - DEWEY DECIMAL CLASSIFICATION NUMBER | |
| Classification number | 657.7 |
| Item number | C157c |
| año de publicación | 2015 |
| 100 ## - MAIN ENTRY--PERSONAL NAME | |
| Personal name | Calleja Bernal, Francisco Javier |
| Relator code | aut. |
| 245 #0 - TITLE STATEMENT | |
| Title | Contabilidad 1/ |
| Statement of responsibility, etc | Francisco Javier Calleja Bernal, Ana María Calleja Bernal Mendoza |
| 250 ## - EDITION STATEMENT | |
| Edition statement | 2° ed. |
| 260 ## - PUBLICATION, DISTRIBUTION, ETC. (IMPRINT) | |
| Place of publication, distribution, etc | México: |
| Name of publisher, distributor, etc | Pearson, |
| Date of publication, distribution, etc | 2015 |
| 300 ## - PHYSICAL DESCRIPTION | |
| Extent | 504 p.; |
| Dimensions | 28 cm. |
| 505 ## - FORMATTED CONTENTS NOTE | |
| Formatted contents note | Capitulo 1: Conceptos básicos de la contabilidad<br/>Capitulo 2: Normas de información financiera (antes principios de contabilidad generalmente aceptados)<br/>Capitulo 3: El balance o estado de situación financiera <br/>Capitulo 4: Registro de operaciones<br/>Capitulo 5: Cuentas de resultados deudoras y acreedoras<br/>Capitulo 6: Inventarios perpetuos<br/>Capitulo 7: El inventario periódico, analítico y pormenorizado<br/>Capitulo 8: El estado de resultados<br/>Capitulo 9: Registro de operaciones en el diario y en paquetes de computo<br/>Capitulo 10: Ajustes y la nueva elaboración de estados financieros<br/>Capitulo 11: Estado de flujos de efectivo<br/>Capitulo 12: Estado de cambios en el capital contable<br/><br/><br/> |
| 650 ## - SUBJECT ADDED ENTRY--TOPICAL TERM | |
| Source of heading or term | LEMB |
| General subdivision | Contabilidad |
| 700 ## - ADDED ENTRY--PERSONAL NAME | |
| Personal name | Calleja Bernal Mendoza, Ana María |
| Relator code | aut. |
| 942 ## - ADDED ENTRY ELEMENTS (KOHA) | |
| Koha item type | Libros |
| Source of classification or shelving scheme | Dewey Decimal Classification |
| Withdrawn status | Lost status | Source of classification or shelving scheme | Damaged status | Not for loan | Collection code | Home library | Current library | Date acquired | Total Checkouts | Full call number | Barcode | Date last seen | Copy number | Price effective from | Koha item type |
|---|---|---|---|---|---|---|---|---|---|---|---|---|---|---|---|
| Dewey Decimal Classification | Colección General | Biblioteca UPAN San Vicente | Biblioteca UPAN San Vicente | 14/08/2023 | 657.7 C157c | 12004226 | 14/08/2023 | 01 | 14/08/2023 | Libros | |||||
| Dewey Decimal Classification | Colección General | Biblioteca UPAN San Vicente | Biblioteca UPAN San Vicente | 23/08/2023 | 657.7 C157c | 12004227 | 23/08/2023 | 02 | 23/08/2023 | Libros | |||||
| Dewey Decimal Classification | Colección General | Biblioteca UPAN San Vicente | Biblioteca UPAN San Vicente | 23/08/2023 | 657.7 C157c | 12004228 | 23/08/2023 | 03 | 23/08/2023 | Libros |